[Event "IECG CP.2005.P.00106"]
[Site "IECG email"]
[Date "2005.10.01"]
[Round "?"]
[White "Cardinale, Gustavo"]
[Black "Schima, Wolfgang"]
[Result "0-1"]
[WhiteElo "800"]
[BlackElo "2199"]
[PlyCount "68"]
[EventDate "2005.10.01"]
[EventType "tourn (corr)"]
[EventRounds "6"]
[SourceTitle "Corr 2008"]
[Source "ChessBase"]
[SourceDate "2008.06.24"]
[SourceVersion "1"]
[SourceVersionDate "2008.06.24"]
[SourceQuality "1"]

1. e4 c5 2. d4 cxd4 3. f3 d6 4. Qxd4 Nc6 5. Bb5 a6 6. Bxc6+ bxc6 7. Qc3 Qc7 8. Ne2 e5 9. Nd2 Nf6 10. Nc4 Be6 11. b3 Be7 12. 0-0 0-0 13. Rd1 Rac8 14. Bb2 d5 15. Nxe5 dxe4 16. f4 Nd5 17. Qg3 f6 18. Nc4 Rfd8 19. Bd4 Rd7 20. Rf1 Nb4 21. Ne3 Rcd8 22. a3 c5 23. Be5 fxe5 24. axb4 cxb4 25. Rxa6 Bxb3 26. cxb3 Bc5 27. Kh1 Rd3 28. Qg4 Bxe3 29. fxe5 Qc8 30. Qh5 Rf8 31. Rxf8+ Qxf8 32. Ra1 g6 33. Qg4 Qf5 34. Qh4 Qxe5 0-1

[Event "IECG CP.2002.S.00001 email"]
[Site "IECG email"]
[Date "2005.04.01"]
[Round "?"]
[White "Schima, Wolfgang"]
[Black "Roberts, Anthony"]
[Result "1-0"]
[WhiteElo "2160"]
[BlackElo "2304"]
[PlyCount "85"]
[EventDate "2005.04.01"]
[EventType "tourn (corr)"]
[EventRounds "6"]
[EventCountry "HUN"]
[SourceTitle "Corr 2008"]
[Source "ChessBase"]
[SourceDate "2008.06.24"]
[SourceVersion "1"]
[SourceVersionDate "2008.06.24"]
[SourceQuality "1"]

1. d4 d5 2. c4 c6 3. Nf3 Nf6 4. Nc3 dxc4 5. a4 Bf5 6. e3 e6 7. Bxc4 Bb4 8. 0-0 Nbd7 9. Qe2 Bg6 10. e4 0-0 11. Bd3 Bh5 12. Bf4 Re8 13. e5 Nd5 14. Nxd5 exd5 15. Bf5 Nf8 16. g4 Bg6 17. Bg3 Ne6 18. Rfd1 a5 19. h4 h5 20. Nh2 Rf8 21. Bxg6 fxg6 22. gxh5 Nf4 23. Qe3 Nxh5 24. Rd3 Rf5 25. Nf3 Qd7 26. Ng5 Raf8 27. Rad1 Nf4 28. Bxf4 Rxf4 29. Qh3 Qf5 30. f3 Qxh3 31. Nxh3 Rxf3 32. Ng5 Rf2 33. Rb3 R8f5 34. Ne6 Re2 35. Rf1 Kf7 36. Nd8+ Ke8 37. Rxf5 gxf5 38. Ne6 Kf7 39. Nd8+ Ke7 40. Nxb7 f4 41. h5 Ke6 42. Nd8+ Ke7 43. Nxc6+ 1-0

[Event "IECG CP.2002.S.00001 email"]
[Site "IECG email"]
[Date "2005.04.01"]
[Round "?"]
[White "Schima, Wolfgang"]
[Black "Simmelink, Joop Theo"]
[Result "1/2-1/2"]
[WhiteElo "2160"]
[BlackElo "2315"]
[PlyCount "64"]
[EventDate "2005.04.01"]
[EventType "tourn (corr)"]
[EventRounds "6"]
[EventCountry "HUN"]
[SourceTitle "Corr 2008"]
[Source "ChessBase"]
[SourceDate "2008.06.24"]
[SourceVersion "1"]
[SourceVersionDate "2008.06.24"]
[SourceQuality "1"]

1. d4 d5 2. c4 c6 3. Nf3 Nf6 4. Nc3 e6 5. e3 Nbd7 6. Bd3 dxc4 7. Bxc4 b5 8. Bd3 Bb7 9. 0-0 a6 10. e4 c5 11. d5 Qc7 12. dxe6 fxe6 13. Bc2 c4 14. Qe2 Bd6 15. Ng5 Nc5 16. f4 h6 17. Nf3 Nd3 18. Bxd3 cxd3 19. Qxd3 Rd8 20. Qe2 Bxf4 21. Bxf4 Qxf4 22. a4 b4 23. Qc4 Qd6 24. e5 Qb6+ 25. Kh1 bxc3 26. exf6 cxb2 27. Rae1 Bd5 28. fxg7 Rg8 29. Qg4 Rd7 30. a5 Qb5 31. Qg6+ Rf7 32. Ng5 Bxg2+ 1/2-1/2

[Event "IECG CP.2003.Q.00021 email"]
[Site "IECG email"]
[Date "2005.01.15"]
[Round "?"]
[White "Borst, John C"]
[Black "Schima, Wolfgang"]
[Result "1/2-1/2"]
[WhiteElo "2063"]
[BlackElo "2158"]
[PlyCount "50"]
[EventDate "2005.01.15"]
[EventType "tourn (corr)"]
[EventRounds "6"]
[SourceTitle "Corr 2008"]
[Source "ChessBase"]
[SourceDate "2008.06.24"]
[SourceVersion "1"]
[SourceVersionDate "2008.06.24"]
[SourceQuality "1"]

1. e4 c5 2. Nf3 d6 3. Bb5+ Bd7 4. Bxd7+ Qxd7 5. c4 Nc6 6. Nc3 Nf6 7. d4 cxd4 8. Nxd4 g6 9. Nde2 Bg7 10. f3 0-0 11. 0-0 Qd8 12. Be3 Qa5 13. Qd2 a6 14. a3 Ne5 15. b3 Rfb8 16. h3 b5 17. f4 Nc6 18. b4 Qc7 19. Rac1 Qb7 20. Nd5 Nxe4 21. Qd3 Nf6 22. cxb5 Nxd5 23. bxc6 Qb5 24. Rfd1 Nxe3 25. Qxe3 Rc8 1/2-1/2

[Event "IECG WC.2005.T.00002 email"]
[Site "IECG email"]
[Date "2004.12.15"]
[Round "?"]
[White "Dyakov, Alexander V"]
[Black "Schima, Wolfgang"]
[Result "1-0"]
[WhiteElo "2268"]
[BlackElo "2156"]
[PlyCount "59"]
[EventDate "2004.12.15"]
[EventType "tourn (corr)"]
[EventRounds "10"]
[SourceTitle "Corr 2008"]
[Source "ChessBase"]
[SourceDate "2008.06.24"]
[SourceVersion "1"]
[SourceVersionDate "2008.06.24"]
[SourceQuality "1"]

1. e4 c5 2. Nf3 d6 3. d4 cxd4 4. Nxd4 Nf6 5. Nc3 a6 6. Bg5 e6 7. f4 Qb6 8. Qd2 Qxb2 9. Rb1 Qa3 10. f5 Nc6 11. fxe6 fxe6 12. Nxc6 bxc6 13. e5 dxe5 14. Bxf6 gxf6 15. Ne4 Be7 16. Be2 h5 17. Rf1 Qxa2 18. Rd1 Qd5 19. Qe3 Qa5+ 20. c3 f5 21. Qg3 Kf8 22. Qg6 Qa4 23. Rf3 Bh4+ 24. Rg3 Bxg3+ 25. hxg3 Qxd1+ 26. Bxd1 fxe4 27. Qf6+ Kg8 28. Qd8+ Kg7 29. Qe7+ Kg8 30. Bc2 1-0

[Event "IECG WC.2005.T.00002 email"]
[Site "IECG email"]
[Date "2004.12.15"]
[Round "?"]
[White "Massimini Gerbino, Massimiliano"]
[Black "Schima, Wolfgang"]
[Result "1-0"]
[WhiteElo "2386"]
[BlackElo "2156"]
[PlyCount "107"]
[EventDate "2004.12.15"]
[EventType "tourn (corr)"]
[EventRounds "10"]
[SourceTitle "Corr 2008"]
[Source "ChessBase"]
[SourceDate "2008.06.24"]
[SourceVersion "1"]
[SourceVersionDate "2008.06.24"]
[SourceQuality "1"]

1. d4 d5 2. c4 c6 3. Nc3 Nf6 4. e3 e6 5. Nf3 Nbd7 6. Bd3 dxc4 7. Bxc4 b5 8. Bd3 a6 9. e4 c5 10. e5 Ng4 11. Bg5 Qb6 12. Be4 Rb8 13. d5 Ndxe5 14. Nxe5 Nxe5 15. f4 h6 16. Bh4 Ng6 17. Bg3 Ne7 18. 0-0 f5 19. d6 Ng6 20. Re1 c4+ 21. Kh1 Qc5 22. Bc2 h5 23. Ne4 fxe4 24. Bxe4 h4 25. Bxg6+ Kd7 26. Re5 Qxd6 27. Rh5 hxg3 28. Rxh8 Bb7 29. hxg3 Qxd1+ 30. Rxd1+ Bd5 31. f5 Ke7 32. g4 b4 33. fxe6 Bxe6 34. Bf5 Kf6 35. Rf1 Bd6 36. Bxe6+ Kxe6 37. Re1+ Kd5 38. Rh5+ Kc6 39. Rc1 Re8 40. Rxc4+ Kb6 41. Kg1 Re2 42. b3 a5 43. Rg5 Bg3 44. Rg6+ Kb5 45. Rc1 Rxa2 46. Rf1 Kc5 47. Rxg7 Rb2 48. Rg5+ Kd4 49. Rxa5 Rxb3 50. g5 Bc7 51. Ra7 Bb6 52. Rd7+ Kc5 53. Kh2 Kc6 54. Rdf7 1-0

[Event "IECG CP.2004.P.00067 email"]
[Site "IECG email"]
[Date "2004.10.01"]
[Round "?"]
[White "Schima, Wolfgang"]
[Black "Sladek, Vaclav"]
[Result "1-0"]
[WhiteElo "2156"]
[BlackElo "1904"]
[PlyCount "65"]
[EventDate "2004.10.01"]
[EventType "tourn (corr)"]
[EventRounds "6"]
[SourceTitle "Corr 2011"]
[Source "ChessBase"]
[SourceDate "2010.08.31"]
[SourceVersion "1"]
[SourceVersionDate "2010.08.31"]
[SourceQuality "1"]

1. d4 Nf6 2. c4 e6 3. Nf3 Bb4+ 4. Bd2 Qe7 5. g3 Nc6 6. Nc3 Bxc3 7. Bxc3 Ne4 8. Rc1 0-0 9. Bg2 d6 10. d5 Nd8 11. 0-0 f5 12. Nd2 Nxc3 13. Rxc3 e5 14. Qb3 b6 15. Re3 f4 16. gxf4 Rxf4 17. Rg3 Nb7 18. e3 Rf7 19. Qc2 Bf5 20. Be4 Raf8 21. b4 a6 22. a3 a5 23. Nf3 h6 24. Kh1 Qf6 25. Rfg1 Rd7 26. Nh4 Bxe4+ 27. Qxe4 axb4 28. axb4 Qxf2 29. R3g2 Qf6 30. Rg6 Qf2 31. Qg4 Rff7 32. Rxh6 Qxe3 33. Rh5 1-0

[Event "IECG CP.2003.P.00026 email"]
[Site "IECG email"]
[Date "2003.10.01"]
[Round "?"]
[White "Grizzaffi, Michael"]
[Black "Schima, Wolfgang"]
[Result "0-1"]
[WhiteElo "1622"]
[BlackElo "1949"]
[PlyCount "58"]
[EventDate "2003.10.01"]
[EventType "tourn (corr)"]
[EventRounds "6"]
[EventCountry "GER"]
[SourceTitle "Corr 2008"]
[Source "ChessBase"]
[SourceDate "2008.06.24"]
[SourceVersion "1"]
[SourceVersionDate "2008.06.24"]
[SourceQuality "1"]

1. c4 e5 2. Nc3 Nf6 3. g3 c6 4. Nf3 e4 5. Nd4 d5 6. cxd5 cxd5 7. d3 Qb6 8. Nb3 Bb4 9. Be3 Qc7 10. Bd4 Nc6 11. Bxf6 gxf6 12. dxe4 dxe4 13. Qc2 f5 14. a3 Bf8 15. Rd1 Be6 16. e3 Bg7 17. Nb5 Qb6 18. Nc5 0-0 19. Na4 Qa5+ 20. Nac3 Rfd8 21. b4 Rxd1+ 22. Nxd1 Qb6 23. Nbc3 a5 24. Na4 Qd8 25. b5 Ne5 26. Be2 Rc8 27. Qd2 Nd3+ 28. Bxd3 exd3 29. Nac3 Bb3 0-1

[Event "IECG CP.2002.Q.00017 email"]
[Site "IECG email"]
[Date "2003.10.01"]
[Round "?"]
[White "Schima, Wolfgang"]
[Black "Brousek, Jiri"]
[Result "1/2-1/2"]
[WhiteElo "1949"]
[BlackElo "2109"]
[PlyCount "99"]
[EventDate "2003.10.01"]
[EventType "tourn (corr)"]
[EventRounds "10"]
[SourceTitle "Corr 2008"]
[Source "ChessBase"]
[SourceDate "2008.06.24"]
[SourceVersion "1"]
[SourceVersionDate "2008.06.24"]
[SourceQuality "1"]

1. d4 e6 2. e4 d5 3. Nc3 dxe4 4. Nxe4 Bd7 5. Nf3 Bc6 6. Bd3 Nd7 7. 0-0 Ngf6 8. Ng3 Be7 9. c4 0-0 10. Ne5 Nxe5 11. dxe5 Nd7 12. Qh5 f5 13. exf6 Nxf6 14. Qe2 Qd7 15. Be3 Bd6 16. Rad1 Qe7 17. a3 a5 18. Bd4 Rad8 19. Bc2 a4 20. Rfe1 Rfe8 21. Bc3 Qf7 22. h3 e5 23. Nf5 Rd7 24. Qf1 Nh5 25. c5 Bxc5 26. Rxe5 Rxe5 27. Bxe5 Rd5 28. Rxd5 Qxd5 29. Bxc7 g6 30. Ne3 Bxe3 31. fxe3 Qd2 32. Qf2 Qc1+ 33. Kh2 Qxb2 34. Bd6 Qf6 35. Qd2 Qe6 36. Qd4 Nf6 37. Qf4 Nd7 38. e4 Qc4 39. Bb1 Qb3 40. Qf1 Kg7 41. Qc1 Kf7 42. Qe1 Qb2 43. Qh4 h5 44. Qe7+ Kg8 45. Bb4 Qe5+ 46. Qxe5 Nxe5 47. Ba2+ Kh7 48. Bd6 Nd7 49. e5 Nb6 50. Kg3 1/2-1/2

[Event "IECG CP.2002.Q.00017 email"]
[Site "IECG email"]
[Date "2003.10.01"]
[Round "?"]
[White "Schima, Wolfgang"]
[Black "Massimini Gerbino, Massimiliano"]
[Result "1/2-1/2"]
[WhiteElo "1949"]
[BlackElo "2408"]
[PlyCount "47"]
[EventDate "2003.10.01"]
[EventType "tourn (corr)"]
[EventRounds "10"]
[SourceTitle "Corr 2008"]
[Source "ChessBase"]
[SourceDate "2008.06.24"]
[SourceVersion "1"]
[SourceVersionDate "2008.06.24"]
[SourceQuality "1"]

1. d4 d5 2. c4 e6 3. Nc3 Nf6 4. Nf3 dxc4 5. e4 Bb4 6. Bg5 c5 7. Bxc4 cxd4 8. Nxd4 Bxc3+ 9. bxc3 Qa5 10. Bxf6 Qxc3+ 11. Kf1 gxf6 12. Rc1 Qa5 13. h4 Ke7 14. Rh3 Nc6 15. Nxc6+ bxc6 16. Rd3 Rd8 17. Rxd8 Qxd8 18. Qa4 Qc7 19. Kg1 Bd7 20. h5 a5 21. Qa3+ Qd6 22. Qe3 c5 23. Be2 Rc8 24. Rd1 1/2-1/2

[Event "IECG WC.2005.S.00010 email"]
[Site "IECG email"]
[Date "2003.05.19"]
[Round "?"]
[White "Raffaele, Enzo"]
[Black "Schima, Wolfgang"]
[Result "1/2-1/2"]
[WhiteElo "2254"]
[BlackElo "1888"]
[PlyCount "58"]
[EventDate "2003.05.19"]
[EventType "tourn (corr)"]
[EventRounds "10"]
[SourceTitle "Corr 2008"]
[Source "ChessBase"]
[SourceDate "2008.06.24"]
[SourceVersion "1"]
[SourceVersionDate "2008.06.24"]
[SourceQuality "1"]

1. Nf3 d5 2. d4 Nf6 3. c4 e6 4. Nc3 c6 5. e3 Nbd7 6. Bd3 dxc4 7. Bxc4 b5 8. Bd3 a6 9. e4 c5 10. e5 cxd4 11. Nxb5 Ng4 12. Qa4 Bb7 13. Nbxd4 Qb6 14. 0-0 Bc5 15. h3 Bxf3 16. hxg4 Bd5 17. Nb3 0-0 18. Qxd7 Bxb3 19. Bxh7+ Kxh7 20. Qd3+ Kg8 21. Qxb3 Qxb3 22. axb3 Rfd8 23. Bf4 Bd4 24. Rfd1 Bxb2 25. Rxd8+ Rxd8 26. Ra2 Rd1+ 27. Kh2 Bd4 28. f3 Rb1 29. Rxa6 Rxb3 1/2-1/2

[Event "IECG WC.2005.S.00010 email"]
[Site "IECG email"]
[Date "2003.05.19"]
[Round "?"]
[White "Schima, Wolfgang"]
[Black "Schiller, Wilfried"]
[Result "1-0"]
[WhiteElo "1888"]
[BlackElo "2290"]
[PlyCount "33"]
[EventDate "2003.05.19"]
[EventType "tourn (corr)"]
[EventRounds "10"]
[SourceTitle "Corr 2008"]
[Source "ChessBase"]
[SourceDate "2008.06.24"]
[SourceVersion "1"]
[SourceVersionDate "2008.06.24"]
[SourceQuality "1"]

1. e4 c5 2. Nf3 e6 3. d4 cxd4 4. Nxd4 a6 5. Bd3 Nf6 6. 0-0 d6 7. c4 Be7 8. Nc3 0-0 9. Be3 Qc7 10. f4 Nbd7 11. g4 Nc5 12. Bc2 e5 13. Nf5 Bxf5 14. exf5 exf4 15. Rxf4 h6 16. h4 Rfe8 17. g5 1-0

[Event "IECG WC.2005.S.00010 email"]
[Site "IECG email"]
[Date "2003.05.19"]
[Round "?"]
[White "Siefring, Carl L"]
[Black "Schima, Wolfgang"]
[Result "1/2-1/2"]
[WhiteElo "2418"]
[BlackElo "1888"]
[PlyCount "53"]
[EventDate "2003.05.19"]
[EventType "tourn (corr)"]
[EventRounds "10"]
[SourceTitle "Corr 2008"]
[Source "ChessBase"]
[SourceDate "2008.06.24"]
[SourceVersion "1"]
[SourceVersionDate "2008.06.24"]
[SourceQuality "1"]

1. e4 e5 2. Nf3 Nc6 3. d4 exd4 4. Nxd4 Bc5 5. Nxc6 Qf6 6. Qd2 dxc6 7. Nc3 Ne7 8. Qf4 Ng6 9. Qxf6 gxf6 10. Bd2 Rg8 11. Na4 Bd6 12. 0-0-0 Be6 13. Nc3 0-0-0 14. g3 Bg4 15. Be2 Bxe2 16. Nxe2 Rge8 17. f3 Ne5 18. Rhf1 f5 19. Bg5 Be7 20. Bxe7 Rxe7 21. Rxd8+ Kxd8 22. f4 Nc4 23. e5 f6 24. Nd4 fxe5 25. Nxf5 Re6 26. b3 Nd6 27. fxe5 1/2-1/2

[Event "IECG CP.2002.P.00089 email"]
[Site "IECG email"]
[Date "2002.10.01"]
[Round "?"]
[White "Slavin, Pablo"]
[Black "Schima, Wolfgang"]
[Result "0-1"]
[WhiteElo "1430"]
[BlackElo "1886"]
[PlyCount "64"]
[EventDate "2002.10.01"]
[EventType "tourn (corr)"]
[EventRounds "6"]
[EventCountry "GER"]
[SourceTitle "Corr 2008"]
[Source "ChessBase"]
[SourceDate "2008.06.24"]
[SourceVersion "1"]
[SourceVersionDate "2008.06.24"]
[SourceQuality "1"]

1. e4 c5 2. Nf3 d6 3. Nc3 Nc6 4. d4 cxd4 5. Nxd4 Bd7 6. Bc4 Nf6 7. Be3 Ng4 8. Nxc6 bxc6 9. Qe2 Nxe3 10. Qxe3 Qb6 11. Qxb6 axb6 12. 0-0 g6 13. Ne2 Bg7 14. c3 Ra5 15. b4 Ra3 16. Rac1 b5 17. Bb3 Be6 18. Bxe6 fxe6 19. Rc2 Kf7 20. Rd1 Rha8 21. Rdd2 e5 22. Rb2 h5 23. Rdc2 Bh6 24. Kf1 d5 25. f3 Be3 26. g3 g5 27. Ng1 d4 28. cxd4 exd4 29. Rxc6 Rxa2 30. Rxa2 Rxa2 31. Ne2 d3 32. Nc3 Rf2+ 0-1

[Event "IECG WC.2005.P.00010 email"]
[Site "IECG email"]
[Date "2002.01.29"]
[Round "?"]
[White "Schima, Wolfgang"]
[Black "Freire, Daniel J"]
[Result "1-0"]
[WhiteElo "1785"]
[BlackElo "1943"]
[PlyCount "53"]
[EventDate "2002.01.29"]
[EventType "tourn (corr)"]
[EventRounds "6"]
[SourceTitle "Corr 2008"]
[Source "ChessBase"]
[SourceDate "2008.06.24"]
[SourceVersion "1"]
[SourceVersionDate "2008.06.24"]
[SourceQuality "1"]

1. d4 d5 2. c4 e6 3. Nc3 Nf6 4. Nf3 Be7 5. Bg5 h6 6. Bxf6 Bxf6 7. e3 a6 8. Rc1 0-0 9. Bd3 dxc4 10. Bxc4 Nd7 11. Ne4 b6 12. 0-0 Bb7 13. Bd3 Be7 14. Qe2 c5 15. Rfd1 cxd4 16. Nxd4 Nc5 17. Nxc5 Bxc5 18. Bb1 Qg5 19. f4 Bxd4 20. fxg5 Be5 21. gxh6 gxh6 22. Qh5 Bg7 23. Rc7 Rac8 24. Rxb7 Rc5 25. Qf3 Kh8 26. Rxf7 Rf5 27. Rxf8+ 1-0

[Event "IECG WC.2005.P.00010 email"]
[Site "IECG email"]
[Date "2002.01.29"]
[Round "?"]
[White "Schima, Wolfgang"]
[Black "Migliorini, Roberto"]
[Result "0-1"]
[WhiteElo "1785"]
[BlackElo "2027"]
[PlyCount "73"]
[EventDate "2002.01.29"]
[EventType "tourn (corr)"]
[EventRounds "6"]
[SourceTitle "Corr 2008"]
[Source "ChessBase"]
[SourceDate "2008.06.24"]
[SourceVersion "1"]
[SourceVersionDate "2008.06.24"]
[SourceQuality "1"]

1. d4 d5 2. c4 dxc4 3. e4 e5 4. Nf3 exd4 5. Bxc4 Nc6 6. 0-0 Be6 7. Bxe6 fxe6 8. Qd3 Qd7 9. a3 a6 10. Nbd2 Bd6 11. Nc4 e5 12. Nfd2 Nge7 13. f4 b5 14. Nxd6+ Qxd6 15. a4 Rb8 16. axb5 axb5 17. Nf3 exf4 18. b3 0-0 19. Ba3 Qf6 20. e5 Qf5 21. Qxf5 Rxf5 22. Bxe7 Nxe7 23. Ra7 Rc8 24. Nxd4 Rxe5 25. Rxf4 b4 26. Kf2 c5 27. Nf3 Rf5 28. Rxf5 Nxf5 29. g4 Nd6 30. Ke3 c4 31. bxc4 b3 32. Ra4 Nxc4+ 33. Kd4 Rf8 34. Kxc4 Rxf3 35. Rb4 Rf4+ 36. Kxb3 Rxb4+ 37. Kxb4 0-1

[Event "IECG WC.2005.P.00010 email"]
[Site "IECG email"]
[Date "2002.01.29"]
[Round "?"]
[White "Schima, Wolfgang"]
[Black "Vaassen, Jack M"]
[Result "1/2-1/2"]
[WhiteElo "1785"]
[BlackElo "2204"]
[PlyCount "79"]
[EventDate "2002.01.29"]
[EventType "tourn (corr)"]
[EventRounds "6"]
[SourceTitle "Corr 2008"]
[Source "ChessBase"]
[SourceDate "2008.06.24"]
[SourceVersion "1"]
[SourceVersionDate "2008.06.24"]
[SourceQuality "1"]

1. d4 Nf6 2. c4 e6 3. Nf3 b6 4. a3 Bb7 5. Nc3 d5 6. cxd5 Nxd5 7. Qc2 Nxc3 8. bxc3 Nd7 9. e4 c5 10. Bf4 cxd4 11. cxd4 Rc8 12. Qb1 Be7 13. Bd3 0-0 14. 0-0 Rc3 15. Rc1 Rxc1+ 16. Bxc1 Qa8 17. Ra2 Rc8 18. Rc2 Nf6 19. e5 Ne4 20. Ne1 h6 21. Qb2 Ng5 22. f3 Nh7 23. Bd2 Nf8 24. Be3 Rxc2 25. Bxc2 Qc8 26. Bd2 Ng6 27. Bc1 Bh4 28. Nd3 Ne7 29. Nf2 Nc6 30. Be3 Na5 31. Qc1 Nc4 32. Bxh6 Nxe5 33. dxe5 Bxf2+ 34. Kxf2 gxh6 35. Kg3 Qc5 36. Qb2 Qe3 37. h4 Kg7 38. Bb1 Bd5 39. Kh3 b5 40. Qxb5 1/2-1/2

[Event "IECG CP.2000.Q.00021"]
[Site "IECG email"]
[Date "2001.10.01"]
[Round "?"]
[White "Peddie, Ian A"]
[Black "Schima, Wolfgang"]
[Result "1/2-1/2"]
[WhiteElo "2303"]
[BlackElo "1736"]
[PlyCount "49"]
[EventDate "2001.10.01"]
[EventType "tourn (corr)"]
[EventRounds "6"]
[SourceTitle "Corr 2008"]
[Source "ChessBase"]
[SourceDate "2008.06.24"]
[SourceVersion "1"]
[SourceVersionDate "2008.06.24"]
[SourceQuality "1"]

1. d4 Nf6 2. c4 e6 3. Nc3 Bb4 4. Qc2 0-0 5. a3 Bxc3+ 6. Qxc3 Ne4 7. Qc2 f5 8. Nh3 Nc6 9. e3 d6 10. f3 Nf6 11. Bd3 Qe8 12. 0-0 e5 13. b4 e4 14. Be2 Bd7 15. Bb2 Ne7 16. f4 d5 17. Rac1 dxc4 18. Bxc4+ Kh8 19. Bb3 Bc6 20. Qf2 Ned5 21. Rfe1 a5 22. bxa5 Rxa5 23. Rc5 Ra6 24. Qe2 Qd7 25. Bc4 1/2-1/2

[Event "IECG CP.2000.P.00084"]
[Site "IECG email"]
[Date "2000.10.01"]
[Round "?"]
[White "Zednik, Martin"]
[Black "Schima, Wolfgang"]
[Result "0-1"]
[WhiteElo "800"]
[BlackElo "1480"]
[PlyCount "54"]
[EventDate "2000.10.01"]
[EventType "tourn (corr)"]
[EventRounds "6"]
[EventCountry "GER"]
[SourceTitle "Corr 2008"]
[Source "ChessBase"]
[SourceDate "2008.06.24"]
[SourceVersion "1"]
[SourceVersionDate "2008.06.24"]
[SourceQuality "1"]

1. e4 c5 2. Nf3 Nc6 3. d4 cxd4 4. Nxd4 Nf6 5. Nc3 e5 6. Ndb5 d6 7. Bf4 exf4 8. Qd2 a6 9. Na3 b5 10. Nd5 Be6 11. f3 Bxd5 12. exd5 Ne7 13. c4 bxc4 14. Bxc4 Qb6 15. 0-0-0 Ng6 16. g3 fxg3 17. hxg3 Be7 18. Kb1 Rb8 19. Qe2 0-0 20. Rh2 Rfc8 21. Rdh1 Rc5 22. g4 Nxd5 23. Bxd5 Rxd5 24. f4 Qb4 25. Nc4 h6 26. f5 Ne5 27. Rc1 Rc8 0-1